[Event "RUS-chT Blitz"]
[Site "Sochi"]
[Date "2023.10.17"]
[Round "5.28"]
[White "Grachev, Alexey1"]
[Black "Magomedov, Adam"]
[Result "1-0"]
[WhiteElo "2406"]
[BlackElo "1769"]
[PlyCount "67"]
[EventDate "2023.10.17"]
[EventType "team-swiss (blitz)"]
[EventRounds "13"]
[EventCountry "RUS"]
[SourceTitle "Mega2024 Update 01"]
[Source "Chessbase"]
[SourceDate "2023.11.12"]
[SourceVersion "1"]
[SourceVersionDate "2023.11.12"]
[SourceQuality "1"]
[WhiteTeam "Novosibirsk Region"]
[BlackTeam "St Petersburg SSHOR"]
[WhiteTeamCountry "RUS"]
[BlackTeamCountry "RUS"]

1. e4 c5 2. Nf3 g6 3. c4 Bg7 4. d4 cxd4 5. Nxd4 Nc6 6. Be3 Qb6 7. Nb5 Qa5+ 8. N5c3 Nf6 9. Nd2 0-0 10. Be2 d6 11. 0-0 Be6 12. a3 Rfc8 13. Rc1 Qd8 14. Nd5 Bxd5 15. exd5 Ne5 16. f4 Ned7 17. b4 b5 18. Bf3 bxc4 19. Nxc4 Nb6 20. Nxb6 axb6 21. Qd3 h5 22. Rc6 b5 23. Rfc1 Rcb8 24. h3 Kh7 25. f5 Qd7 26. fxg6+ fxg6 27. Rc7 Qd8 28. Bg5 Rc8 29. R7c6 Rxc6 30. dxc6 Qb6+ 31. Kh1 Rc8 32. Re1 Rc7 33. Bxf6 Bxf6 34. Bxh5 1-0

[Event "RUS-chT Blitz"]
[Site "Sochi"]
[Date "2023.10.17"]
[Round "9.28"]
[White "Zakaryan, David"]
[Black "Magomedov, Adam"]
[Result "1/2-1/2"]
[WhiteElo "2307"]
[BlackElo "1769"]
[PlyCount "25"]
[EventDate "2023.10.17"]
[EventType "team-swiss (blitz)"]
[EventRounds "13"]
[EventCountry "RUS"]
[SourceTitle "Mega2024 Update 01"]
[Source "Chessbase"]
[SourceDate "2023.11.12"]
[SourceVersion "1"]
[SourceVersionDate "2023.11.12"]
[SourceQuality "1"]
[WhiteTeam "Krasnodarsk Region"]
[BlackTeam "St Petersburg SSHOR"]
[WhiteTeamCountry "RUS"]
[BlackTeamCountry "RUS"]

1. e4 c5 2. Nf3 g6 3. d4 cxd4 4. Nxd4 Bg7 5. c4 Nc6 6. Be3 Qb6 7. Nb5 Qa5+ 8. N5c3 Nf6 9. Nd2 0-0 10. Be2 d6 11. Kf1 Qd8 12. Nb3 Nd4 13. Bxd4 1/2-1/2